000 00672nam a2200205Ii 4500
003 JO-AjNU
008 230605s9999||||xx |||||||||||||| ||und||
017 _a2003/9/1623
040 _aJO-AjNU
_bara
_erda
_cJO-AjNU
041 _aara
050 1 4 _aPJ7814.Z55.S42 2003
100 3 _aتأليف الأزرعي،موسى,
_eauthor
_914004
245 0 0 _aذيب الصالح -2 الشتات: رواية
264 3 1 _aعمان:دار الكندي للنشر والتوزيع،2003
300 _a374ص
336 _atext
_btxt
_2rdacontent
337 _aunmediated
_bn
_2rdamedia
338 _avolume
_bnc
_2rdacarrier
650 4 _aالأدب العربي - روايات
_914005
999 _aA3631
_c7199
_d7199